MDQL
is popping MORE tags! Check the
thread
!
Quizzes
Events
Quiz Creation
Community
Videos
Private Events
Remove Ads
Sign In
Join for FREE
Feedback
Dark Mode
Quiz Categories
Sports
Geography
Music
Movies
Television
Just For Fun
Miscellaneous
History
Literature
Language
Science
Gaming
Entertainment
Religion
Holiday
For Kids
Quiz Lab
Recent
Popular Today
Quiz Kudos Today
Editor Picks
Curator Picks
Quizzes by...
Day
Popularity
Type
Ratings
Length
Year
Community
Subscriptions
Recent Discussions
Orange Saloon
Badges
Playlists
Quests
Create
Leaderboards
Showdown
Live 5
Trivia Bingo
Activity
Puzzle Library
Sporcle Events
Private Events
Virtual Trivia
Globe League
Become a Host
Pub Owners
SporcleCon
Opinionation
Our Games
Videos
Blog
Mobile Apps
Partnerships
Remove Ads and Go Orange
Feedback
Sports
Athletes
MLB
NBA
NHL
NFL
Soccer
Sports Teams
WWE
NCAA
Football
Premier League
Basketball
Baseball
Hockey
Golf
Tennis
Cricket
Rugby
Auto Racing
Olympics
World Cup
Sports
Athletes
MLB
NBA
NHL
NFL
Soccer
Sports Teams
WWE
NCAA
Football
Premier League
Basketball
Baseball
Hockey
Golf
Tennis
Cricket
Rugby
Auto Racing
Olympics
World Cup
Random Quiz
Search Sporcle
×
Quiz Lab
Quiz Lab
Sports
Olympics
Type in answers that appear in a list
Type in answers that appear in a list
Classic
Best Score? Go Orange.
Summer Olympics Medal Winners by Country Stats
Can you name the Summer Olympics Medal Winners by Country?
By
mdswiss
10m
126 Questions
348 Plays
348 Plays
348 Plays
Comments
Comments
Give Quiz Kudos
Give Quiz Kudos
-
- Ratings
hide this ad
Replay
Link that replays current quiz
Next Quiz
Link to next quiz in quiz playlist
You Got
0%
They Got
Avg Score
61%
Avg Friend Score
Upgrade to see
Score Distribution
Jump to the score distribution portion of the page
Score
0/126
Timer
10:00
0
Plays Today
Medal
Country
% Correct
2197
United States
100%
1122
USSR
97.7%
677.5
United Kingdom
97.1%
409
East Germany
96%
250
Russia
95.7%
204
West Germany
95.7%
617.5
Germany
95.4%
286
China
94%
600
France
91.7%
397.5
Australia
90.5%
495
Italy
90.2%
240
Canada
89.9%
335
Japan
89.7%
94
Spain
89.7%
76
Brazil
89.7%
469.5
Sweden
89.1%
51
Mexico
87.6%
136
Norway
86.2%
60
Argentina
85.9%
292
Finland
84.5%
20
Portugal
84.2%
17
India
84.2%
79
New Zealand
83.6%
110
Greece
83.3%
69
South Africa
82.8%
184
South Korea
81.3%
251
Poland
79%
232
Netherlands
78.7%
42
Jamaica
78.7%
36
North Korea
77.6%
173
Switzerland
77%
163.5
Denmark
77%
85
Austria
77%
74
Turkey
76.7%
46
Iran
76.7%
61
Kenya
75.6%
137
Belgium
75.3%
21
Egypt
74.7%
20
Ireland
74.7%
2
United Arab Republic
74.7%
165
Cuba
74.4%
92
Serbia
73.6%
Medal
Country
% Correct
12
Chile
73.3%
69
Ukraine
72.4%
1
Iraq
72.4%
450
Hungary
71.8%
4
Peru
71.3%
143
Czechoslovakia
70.7%
9
Colombia
70.7%
14
Slovakia
68.7%
14
Latvia
68.7%
10
Pakistan
68.4%
31
Ethiopia
67.8%
284
Romania
67.5%
19
Morocco
67%
10
Uruguay
67%
1
Vietnam
66.7%
27
Czech Republic
66.4%
11
Lithuania
66.4%
6
Israel
66.4%
4.5
Bohemia
66.4%
1
Niger
66.4%
1
Paraguay
65.8%
19
Nigeria
64.4%
2
Saudi Arabia
64.4%
20
Indonesia
64.1%
29
Estonia
63.2%
3
Iceland
62.1%
10
Venezuela
61.2%
207
Bulgaria
59.8%
47
Belarus
59.2%
15
Mongolia
59.2%
17
Thailand
58.9%
12
Croatia
58.9%
10
Slovenia
58.9%
12
Algeria
57.8%
2
Panama
57.5%
3
Independent Olympic Participants
56.9%
1
Ecuador
55.7%
2
Luxembourg
54.9%
8
Bahamas
53.4%
1
United Arab Emirates
52%
2
Haiti
51.7%
4
Costa Rica
51.1%
Medal
Country
% Correct
26
Kazakhstan
50.9%
12
Georgia
50%
6
Tunisia
50%
15
Chinese Taipei
49.7%
9
Philippines
49.7%
2
Dominican Republic
49.7%
4
Ghana
47.7%
2
Syria
47.4%
3
Malaysia
47.1%
1
Cote d'Ivoire
46.6%
4
Zimbabwe
45.1%
11
Uzbekistan
44.5%
4
Cameroon
44.3%
2
Qatar
43.7%
12
Trinidad and Tobago
42.8%
1
Macedonia
42.2%
4
Azerbaijan
42%
4
Moldova
41.1%
4
Lebanon
40.8%
1
Senegal
40.2%
2
Sri Lanka
39.7%
1
Singapore
39.4%
3
Armenia
39.1%
1
Kuwait
39.1%
1
Guyana
38.5%
4
Namibia
38.2%
2
Tanzania
37.9%
2
Suriname
37.4%
2
Zambia
36.5%
6
Uganda
35.6%
1
Barbados
35.1%
1
Kyrgyzstan
34.8%
2
Mozambique
31%
1
Tonga
23.3%
1
Djibouti
20.7%
1
Burundi
18.4%
1
Bermuda
18.1%
1
Hong Kong
17.8%
6
Puerto Rico
17.2%
1
Virgin Islands
6.6%
1
Netherlands Antilles
3.4%
2
Antilles
0.9%
Quiz Playlist
Details
Report
Send in Message
Add To Playlist
Classic:
Type in answers that appear in a list
Quiz Source
Last Updated: Feb 16, 2017
Quiz Scoreboard
CHALLENGE
Sign Up to Join the Scoreboard
Show All
Scores
Hide
Comments
May contain spoilers
Recently Published
Image Sorting: Flags VI
by Barbecue
Geography
2m
Find the 'City' Movie
by crazypaving
Movies
60s
Colored Red Africa Blitz
by spor1
Geography
45s
More to Explore
Quiz From the Vault
Featured Blog Post
14 Easter Pick-up Lines to Find Eggs With
hide this ad
You Might Also Like...
Tags
Country Quiz
Olympics Quiz
Medal
Medal Winners
Summer
Summer Olympics
Winner
Today's Top Quizzes in Sports
Browse Sports
hide this ad
Today's Top Quizzes in Olympics
Browse Olympics
Top Contributed Quizzes in Sports
1
Les meilleurs buteurs des matchs entre le PSG et l’OM
2
Les entraîneurs de l'OM et du PSG au 21e siècle
3
Les joueurs passés par le PSG et l'OM
4
2022 World Cup Stars
5
Players with Multiple 50 Home Run Seasons
6
Criteria MLB: Left Handed Sluggers
7
Les joueurs passés par le LOSC et le RC Lens
8
NBA Logic Puzzle 2.0
9
MLB Players with Two .350 Batting Average Seasons
10
FIFA Club World Cup Champions
Explore More
Trending Topics
Anime
Disney
Marvel
Harry Potter
Crossword
NBA
Kpop
Pokémon
Country
Puzzle
The Office
WWE
Song
Soccer
NFL
hide this ad
More By:
mdswiss
Quiz
Plays
Rating
Category
Featured
Created
Winter Olympics Medal Winners by Country
831
4.00
Sports
Dec 28, 2009
Summer Olympics Medal Winners by Country
348
3.75
Sports
Dec 28, 2009
Go to Creator's Profile
Score Distribution
Quiz Creator Spotlight
mdswiss
Follow
Send a Message
Quizzes Created
-
Created Quiz Play Count
-
More By This Creator
Popular Quizzes Today
1
Colored Red Africa Blitz
2
Find the US States - No Outlines Minefield
3
Find the 'City' Movie
4
5x2 Blitz: Bands
5
The Countries of the World
6
Find the US States
7
Find the Countries of Europe - No Outlines Minefield
8
US States
More Sports Quizzes
Most Valuable MLB Players (2007-2009)
Editor's Pick
Trending Quizzes
Colored Red Europe Blitz I
Colored Red Europe Blitz II
Colored Red Africa Blitz II
Colored Red Europe Blitz III
Colored Red Africa Blitz III
Recently Updated
How Do You Spell That?
pecheneg
Godzilla Movies
pecheneg
Grab Bag: 4-10 Letters
pecheneg
2024 March Madness Bracket
pecheneg
Famous TV Couples
Peacemaker
Champions League XIs: Real Madrid
pecheneg
Largest US Cities 1790-2010
pecheneg
Rides in Walt Disney World
pecheneg
Most Oscar Losses (Acting)
pecheneg
Beyoncé Albums
pecheneg
Trending Topics
Harry Potter
Kpop
Anime
NBA
Marvel
Crossword
Disney
Country
Pokémon
WWE
NFL
Song
Soccer
Puzzle
The Office
Your Account Isn't Verified!
In order to create a playlist on Sporcle, you need to verify the email address you used during registration. Go to your
Sporcle Settings
to finish the process.
Report this User
Report this user for behavior that violates our
Community Guidelines
.
Details:
Send Report
Go to the Sporcle.com Mobile Site →
Comments